LEADER 03477nam 22005654a 450 001 9910140800903321 005 20170815153742.0 010 $a1-282-77376-3 010 $a9786612773761 010 $a0-470-92477-2 010 $a0-470-92476-4 035 $a(CKB)2670000000044804 035 $a(EBL)588909 035 $a(OCoLC)301241413 035 $a(SSID)ssj0000433036 035 $a(PQKBManifestationID)11291244 035 $a(PQKBTitleCode)TC0000433036 035 $a(PQKBWorkID)10390086 035 $a(PQKB)11690235 035 $a(MiAaPQ)EBC588909 035 $a(EXLCZ)992670000000044804 100 $a20050901d2006 uy 0 101 0 $aeng 135 $aur|n|---||||| 181 $ctxt 182 $cc 183 $acr 200 10$aAIChE equipment testing procedure$b[electronic resource] $econtinuous direct-heat rotary dryers : a guide to performance evaluation /$fprepared by the Equipment Testing Procedures Committee 205 $a3rd ed. 210 $aHoboken, N.J. $cWiley-Interscience$dc2006 215 $a1 online resource (54 p.) 300 $aDescription based upon print version of record. 311 $a0-471-78493-1 320 $aIncludes bibliographical references (p. 42-43) and index. 327 $aContinuous Direct-Heat Rotary Dryers: A Guide to Performance Evaluation; Table of Contents; 100.0 Purpose and Scope; 101.0 Purpose; 102.0 Scope; 200.0 Definitions and Description of Terms; 201.0 Dryer Description; 202.0 Description of Terms; 300.0 Test Planning; 301.0 Conditions; 302.0 Dryer Material and Heat Balances; 303.0 Test Preparation; 400.0 Instruments and Methods of Measurement; 401.0 Gas Temperature and Humidity; 402.0 Gas Flow; 403.0 Material Temperature and Moisture Content; 404.0 Material Flow and Cylinder Fillage; 405.0 Radiation and Convection Heat Losses 327 $a406.0 Miscellaneous Measurements500.0 Test Procedure; 501.0 Procedures; 600.0 Computation of Results; 601.0 Material Balances; 602.0 Gas Flow and Heater Output; 603.0 Heat Balance and Gas Flow; 604.0 Cylinder Fillage and Time-of-Passage; 605.0 Dryer Power Consumption; 700.0 Interpretation of Results; 701.0 Material, Moisture and Energy Balances; 702.0 Volumetric Heat Transfer Performance; 800.0 Appendix; 801.0 Nomenclature; 802.0 Sample Problem-SI Units; 803.0 Sample Problem-English Units; 804.0 General References 330 $aThe newest edition of the AIChE® manual to continuous direct-heat rotary dryersContinuous Direct-Heat Rotary Dryers, Third Edition is the latest text in the AIChE® Equipment Testing Procedure series. This new edition continues to provide chemical engineers, plant managers, and other professionals in the chemical process industries with helpful advice about performance evaluation.This text is an indispensable procedural guide with universal applications. With test results computed in both conventional and SI units, this handy resource provides standardized methods, real-w 606 $aSpray drying$xEquipment and supplies$xEvaluation 608 $aElectronic books. 615 0$aSpray drying$xEquipment and supplies$xEvaluation. 676 $a660.28426 676 $a660/.28426 712 02$aAmerican Institute of Chemical Engineers.$bEquipment Testing Procedures Committee. 801 0$bMiAaPQ 801 1$bMiAaPQ 801 2$bMiAaPQ 906 $aBOOK 912 $a9910140800903321 996 $aAIChE equipment testing procedure$91951502 997 $aUNINA LEADER 04157nam 2201225 a 450 001 9910145906903321 005 20230828220816.0 035 $a(CKB)1000000000279311 035 $a(MH)009154886-1 035 $a(SSID)ssj0000576826 035 $a(PQKBManifestationID)12253098 035 $a(PQKBTitleCode)TC0000576826 035 $a(PQKBWorkID)10575679 035 $a(PQKB)11098843 035 $a(EXLCZ)991000000000279311 100 $a20020610d2001 uy 0 101 0 $aita 181 $ctxt 182 $cc 183 $acr 200 10$aFisiognomica, arte e psicologia tra Ottocento e Novecento /$fMaurizio Giuffredi ; in appendice, saggio di fisiognomica di Töpffer$b[electronic resource] 210 $aBologna $cCLUEB$dc2001 215 $a1 online resource (261 p. )$cill. ; 225 0$aLexis.$nIII,$pBiblioteca delle arti ;$v7 300 $aBibliographic Level Mode of Issuance: Monograph 311 $a88-491-1668-3 320 $aIncludes bibliographical references (p. [245]-261). 606 $aFace in art 606 $aPhysiognomy in art 606 $aPhysiognomy$xHistory$y19th century 606 $aPhysiognomy$xHistory$y20th century 606 $aPsychology and art 606 $aPhysiognomy 606 $aFacial Expression 606 $aMedical Illustration$xhistory 606 $aInvestigative Techniques 606 $aPhysical Examination 606 $aHealth Occupations 606 $aArt 606 $aAudiovisual Aids 606 $aNonverbal Communication 606 $aEducational Technology 606 $aTeaching Materials 606 $aDiagnostic Techniques and Procedures 606 $aCommunication 606 $aDisciplines and Occupations 606 $aHumanities 606 $aAnalytical, Diagnostic and Therapeutic Techniques and Equipment 606 $aDiagnosis 606 $aBehavior 606 $aCommunications Media 606 $aTechnology 606 $aInformation Science 606 $aBehavior and Behavior Mechanisms 606 $aTechnology, Industry, and Agriculture 606 $aPsychiatry and Psychology 606 $aTechnology, Industry, Agriculture 606 $aFacial Expression 606 $aPhysiognomy 606 $aMedical Illustration 608 $aHistory.$2fast 615 0$aFace in art. 615 0$aPhysiognomy in art. 615 0$aPhysiognomy$xHistory 615 0$aPhysiognomy$xHistory 615 0$aPsychology and art. 615 12$aPhysiognomy. 615 22$aFacial Expression. 615 22$aMedical Illustration$xhistory. 615 2$aInvestigative Techniques. 615 2$aPhysical Examination. 615 2$aHealth Occupations. 615 2$aArt. 615 2$aAudiovisual Aids. 615 2$aNonverbal Communication. 615 2$aEducational Technology. 615 2$aTeaching Materials. 615 2$aDiagnostic Techniques and Procedures. 615 2$aCommunication. 615 2$aDisciplines and Occupations 615 2$aHumanities. 615 2$aAnalytical, Diagnostic and Therapeutic Techniques and Equipment 615 2$aDiagnosis. 615 2$aBehavior. 615 2$aCommunications Media. 615 2$aTechnology. 615 2$aInformation Science. 615 2$aBehavior and Behavior Mechanisms. 615 2$aTechnology, Industry, and Agriculture. 615 2$aPsychiatry and Psychology 615 2$aTechnology, Industry, Agriculture 615 2$aFacial Expression. 615 2$aPhysiognomy. 615 2$aMedical Illustration. 676 $a138 700 $aGiuffredi$b Maurizio$0260082 701 2$aTo?pffer$b Rodolphe$f1799-1846.$0395956 801 0$bItFiC 801 1$bC3L 801 2$bDLC 906 $aBOOK 912 $a9910145906903321 996 $aFisiognomica, arte e psicologia tra Ottocento e Novecento$92427822 997 $aUNINA 999 $aThis Record contains information from the Harvard Library Bibliographic Dataset, which is provided by the Harvard Library under its Bibliographic Dataset Use Terms and includes data made available by, among others the Library of Congress